Yugoslavian Countries - Statistics

General Stats
  • This quiz has been taken 44 times
  • The average score is 6 of 8
Answer Stats
Hint Answer % Correct
Maine one, Serbia
100%
c o a s t Croatia
94%
Some people dont reconise this nation of Serbia, Kosovo
91%
2nd Newest Montenegro
88%
NAH GREECE HATES THIS FOR A CITY (not turkey) North Macedonia
88%
Honestly, Idk like the hat lol (or the highest) Slovenia
88%
Not one but should be in (ones that MOSTLY border it) Albania | Bulgaria
67%
tiny fucking ocean border Bosnia and Hezegovenia
12%
No matching quizzes found
Score Distribution
Percent of People with Each Score
Percentile by Number Answered
Your Score History
You have not taken this quiz